| 000 | 00792nam a2200253 i 4500 | ||
|---|---|---|---|
| 001 | 180181 | ||
| 003 | ES-MaACL | ||
| 005 | 20230929114850.0 | ||
| 008 | 120511s2011 sp |||| |aspa d | ||
| 020 | _a978-84-306-0817-1 | ||
| 080 | _a929Judt, Tony | ||
| 100 | 1 |
_aJudt, Tony ( _d1948-2010) _9148807 |
|
| 245 | 1 | 3 |
_aEl refugio de la memoria / _cTony Judt ; traducción de Juan Ramón Azaola. |
| 260 |
_a[Madrid] : _bTaurus, _c[2011] |
||
| 300 |
_a240 p. ; _c22 cm. |
||
| 490 | 1 | _aPensamiento | |
| 600 | 1 | 7 |
_aJudt, Tony ( _d1948-2010) _9148807 |
| 700 | 1 |
_aAzaola, Juan R. _9150007 |
|
| 830 | 0 |
_aPensamiento _9178722 |
|
| 852 |
_aES-MaACL _9187091 _bR.147072 _jA-12091 _dOlim: N-5096 _cDEPO1 |
||
| 942 |
_2udc _cMONOGRAFIA |
||
| 999 |
_c180181 _d180181 |
||